000 00655nam a22001817a 4500
999 _c174961
_d174961
005 20200728154745.0
010 _aENG-128297
020 _c475.00
_a9789352837182
035 _aEN-111829
037 _bDBAD/PUB
082 _a620.00151
_222ed.
100 _aDass,H K
245 _aAdvanced Engineering Mathematics/
_cby H K Dass
_bfor the students of M.E.,B.E.and other engineering.Examinations
260 _aNew Delhi
_bS.Chand
_c2019
270 _aHead Office:7361,Ram Nagar,Qutab Rord
_bNew Delhi
_e110055
_k23672080
_l91-11-23677446
_minfo@schandpublishing.com
300 _axxvi;1410p.
_c24cm(pbk)
942 _2ddc
_cEN
_h620.00151
_mDAS